Nō-gyoson shakai no tenkai kōzō : Akita-ken Yuri-gun Konoura-machi /

Saved in:
Bibliographic Details
Main Author: Fukutake, Tadashi, 1917-1989.
Format: Book
Language:Japanese
Published: [Tōkyō] : Chiiki Shakai Kenkyūjo : [Tōkyō Daigaku Shuppankai hatsubai, 1971]
Series:Chiiki Shakai Kenkyūjo kankōbutsu ; no. 33.
Chiiki Shakai Kenkyūjo komyuniti sōsho ; no. 6.
Subjects:
Tags: Add Tag
No Tags, Be the first to tag this record!
LEADER 01565nam a2200349 i 4500
001 007764703-3
005 20024617122053.0
008 980414s1971 ja ab 000 0 jpn
010 |a 72811041 /J 
015 |a Ja*** 
035 0 |a ocm38947239 
040 |a DLC  |c *YNH*  |d CStRLIN 
050 0 0 |a HN730.K58  |b F83 
100 1 |6 880-01  |a Fukutake, Tadashi,  |d 1917-1989. 
245 1 0 |6 880-02  |a Nō-gyoson shakai no tenkai kōzō :  |b Akita-ken Yuri-gun Konoura-machi /  |c Fukutake Tadashi hencho. 
260 |6 880-03  |a [Tōkyō] :  |b Chiiki Shakai Kenkyūjo :  |b [Tōkyō Daigaku Shuppankai hatsubai,  |c 1971] 
300 |a ix, 364 p. :  |b ill., maps ;  |c 27 cm. 
490 1 |6 880-04  |a Komyuniti sōsho ;  |v no. 6 
490 1 |6 880-05  |a Chiiki Shakai Kenkyūjo kankōbutsu ;  |v no. 33 
651 0 |6 880-06  |a Konoura-machi (Japan)  |x Rural conditions. 
880 1 |6 100-01  |a 福武直,  |d 1917- 
880 1 0 |6 245-02  |a 農漁村社会の展開構造 :  |b 秋田県由利郡金浦町 /  |c 福武直編著. 
880 |6 260-03  |a [東京] :  |b 地域社会研究所 :  |b [東京大学出版会発売,  |c 1971] 
880 1 |6 490-04  |a コミュニティ叢書 ;  |v no. 6 
880 1 |6 490-05  |a 地域社会研究所刊行物 ;  |v no. 33 
880 0 |6 651-06  |a 金浦町(Japan)  |x Rural conditions. 
830 0 |6 880-55  |a Chiiki Shakai Kenkyūjo kankōbutsu ;  |v no. 33. 
880 0 |6 830-55  |a 地域社会研究所刊行物 ;  |v no. 33. 
830 0 |6 880-07  |a Chiiki Shakai Kenkyūjo komyuniti sōsho ;  |v no. 6. 
880 0 |6 830-07  |a 地域社会研究所コミュニティ叢書 ;  |v no. 6 
988 |a 20021221 
906 |0 DLC